| 000 -LEADER |
| fixed length control field |
00625nam a2200169Ia 4500 |
| 008 - FIXED-LENGTH DATA ELEMENTS--GENERAL INFORMATION |
| fixed length control field |
190805s9999||||xx |||||||||||||| ||und|| |
| 020 ## - INTERNATIONAL STANDARD BOOK NUMBER |
| International Standard Book Number |
9780851745329 |
| Terms of availability |
£ 40.00 |
| 082 04 - DEWEY DECIMAL CLASSIFICATION NUMBER |
| Classification number |
623.89 |
| Item number |
Si581 V.1 |
| 100 1# - MAIN ENTRY--PERSONAL NAME |
| Personal name |
Simpson, Alexander |
| 245 10 - TITLE STATEMENT |
| Title |
Near Coastal Navigation : for certification as navigational watchkeeper on vessels engaged on near coastal voyages / |
| 260 ## - PUBLICATION, DISTRIBUTION, ETC. (IMPRINT) |
| Place of publication, distribution, etc |
Glasgow : |
| Name of publisher, distributor, etc |
Brown, Son & Ferguson Ltd, |
| Date of publication, distribution, etc |
1991 |
| 300 ## - PHYSICAL DESCRIPTION |
| Extent |
vii, 232 p. |
| Other physical details |
: ill. |
| Dimensions |
; 22 cm. |
| 490 00 - SERIES STATEMENT |
| Series statement |
Navigation Guide ; |
| Volume number/sequential designation |
Vol. 1 |
| 650 #0 - SUBJECT ADDED ENTRY--TOPICAL TERM |
| Topical term or geographic name as entry element |
Navigation |
| General subdivision |
Handbooks, manuals, etc. |
| 852 ## - LOCATION/CALL NUMBER |
| Location |
|
| 942 ## - ADDED ENTRY ELEMENTS (KOHA) |
| Item type |
Books |